[Event "IBCA EU-ch blind 02nd"]
[Site "Krynica"]
[Date "1999.??.??"]
[Round "3"]
[White "Altinok, Selim Eyup"]
[Black "Berenguer Antonio, Jose"]
[Result "0-1"]
[WhiteElo "1840"]
[BlackElo "2000"]
[PlyCount "46"]
[EventDate "1999.07.04"]
[EventType "swiss"]
[EventRounds "9"]
[EventCountry "POL"]
[SourceTitle "EXT 2000"]
[Source "ChessBase"]
[SourceDate "1999.11.16"]
[SourceVersion "1"]
[SourceVersionDate "1999.11.16"]
[SourceQuality "1"]

1. d4 d5 2. Nf3 Nf6 3. c4 dxc4 4. Nc3 a6 5. a4 c5 6. e3 cxd4 7. Qxd4 Nbd7 8. Bxc4 e6 9. 0-0 Be7 10. Rd1 Qc7 11. Bd2 b6 12. Rac1 Bb7 13. Ba2 Bc5 14. Qh4 Bxf3 15. gxf3 Qb7 16. e4 Ne5 17. Qh3 Nd3 18. Be3 Nxc1 19. Bxe6 0-0 20. e5 fxe6 21. Qxe6+ Kh8 22. Bxc1 Qxf3 23. Rf1 Ng4 0-1

[Event "IBCA EU-ch blind 02nd"]
[Site "Krynica"]
[Date "1999.??.??"]
[Round "1"]
[White "Bjerring, Kai"]
[Black "Berenguer Antonio, Jose"]
[Result "1-0"]
[WhiteElo "2305"]
[BlackElo "2000"]
[PlyCount "60"]
[EventDate "1999.07.04"]
[EventType "swiss"]
[EventRounds "9"]
[EventCountry "POL"]
[SourceTitle "EXT 2000"]
[Source "ChessBase"]
[SourceDate "1999.11.16"]
[SourceVersion "1"]
[SourceVersionDate "1999.11.16"]
[SourceQuality "1"]

1. e4 c5 2. Nf3 d6 3. d4 cxd4 4. Nxd4 Nf6 5. Nc3 a6 6. f3 e6 7. Be3 Nbd7 8. g4 h6 9. h4 b5 10. Rg1 Ne5 11. g5 hxg5 12. hxg5 Ng8 13. f4 Nc4 14. Bxc4 bxc4 15. Qe2 Qc7 16. g6 f6 17. f5 Rb8 18. 0-0-0 e5 19. Nf3 Bb7 20. Nd2 Rc8 21. Rh1 Rxh1 22. Rxh1 Ne7 23. Rh8 Kd7 24. Na4 Ke8 25. Nb6 c3 26. bxc3 Rb8 27. Qd3 Rd8 28. c4 Rb8 29. c5 Rd8 30. cxd6 Rxd6 1-0